States Versus Markets: the emergence of a global economy (Record no. 5857)

MARC details
000 -LEADER
fixed length control field 01233cam a22003254a 4500
001 - CONTROL NUMBER
control field 11878725
003 - CONTROL NUMBER IDENTIFIER
control field OSt
005 - DATE AND TIME OF LATEST TRANSACTION
control field 20180427172614.0
008 - FIXED-LENGTH DATA ELEMENTS--GENERAL INFORMATION
fixed length control field 000103s2000 enkab b 001 0 eng
010 ## - LIBRARY OF CONGRESS CONTROL NUMBER
LC control number 00020409
020 ## - INTERNATIONAL STANDARD BOOK NUMBER
International Standard Book Number 0312233027 (Inside North America)
020 ## - INTERNATIONAL STANDARD BOOK NUMBER
International Standard Book Number 0333802624 (Outside North America : hardcover)
020 ## - INTERNATIONAL STANDARD BOOK NUMBER
International Standard Book Number 0333802632 (Outside North America : pbk.)
040 ## - CATALOGING SOURCE
Original cataloging agency DLC
Transcribing agency DLC
Modifying agency DLC
042 ## - AUTHENTICATION CODE
Authentication code pcc
082 00 - DEWEY DECIMAL CLASSIFICATION NUMBER
Classification number 331.1
Edition number 21
Item number SCH 2000
100 1# - MAIN ENTRY--PERSONAL NAME
Personal name Schwartz, Herman M.,
Dates associated with a name 1958-
9 (RLIN) 12187
245 10 - TITLE STATEMENT
Title States Versus Markets: the emergence of a global economy
250 ## - EDITION STATEMENT
Edition statement 2nd ed.
260 ## - PUBLICATION, DISTRIBUTION, ETC. (IMPRINT)
Place of publication, distribution, etc. New York :
Name of publisher, distributor, etc. Palgrave,
Date of publication, distribution, etc. 2000.
300 ## - PHYSICAL DESCRIPTION
Extent xiii, 347 p. :
Other physical details ill., map ;
Dimensions 24 cm.
504 ## - BIBLIOGRAPHY, ETC. NOTE
Bibliography, etc Includes bibliographical references (p. 319-336) and index.
650 #0 - SUBJECT ADDED ENTRY--TOPICAL TERM
Topical term or geographic name as entry element Market economy
9 (RLIN) 1023
650 00 - SUBJECT ADDED ENTRY--TOPICAL TERM
Topical term or geographic name as entry element Conomic policies
9 (RLIN) 12189
856 42 - ELECTRONIC LOCATION AND ACCESS
Materials specified Contributor biographical information
Uniform Resource Identifier http://www.loc.gov/catdir/bios/hol057/00020409.html
856 42 - ELECTRONIC LOCATION AND ACCESS
Materials specified Publisher description
Uniform Resource Identifier http://www.loc.gov/catdir/description/hol051/00020409.html
856 41 - ELECTRONIC LOCATION AND ACCESS
Materials specified Table of contents
Uniform Resource Identifier http://www.loc.gov/catdir/toc/hol051/00020409.html
906 ## - LOCAL DATA ELEMENT F, LDF (RLIN)
a 7
b cbc
c orignew
d 1
e ocip
f 19
g y-gencatlg
942 ## - ADDED ENTRY ELEMENTS (KOHA)
Source of classification or shelving scheme Dewey Decimal Classification
Koha item type Open Shelf
Holdings
Withdrawn status Lost status Source of classification or shelving scheme Damaged status Not for loan Home library Current library Date acquired Source of acquisition Inventory number Total Checkouts Full call number Barcode Date last seen Koha item type Price effective from
    Dewey Decimal Classification     MUST Main Library MUST Main Library 23/10/2017   03/19675   381.1 SCH 2000 2017-0856 23/10/2017 Open Shelf  
    Dewey Decimal Classification     MUST Main Library MUST Main Library 23/10/2017   05/24652   381.1 SCH 2000 2017-0857 23/10/2017 Open Shelf  
    Dewey Decimal Classification     MUST Main Library MUST Main Library 23/07/2024 Purchase     331.1 SCH 2000 2024-22134 23/07/2024 Open Shelf 23/07/2024
    Dewey Decimal Classification     MUST Main Library MUST Main Library 23/07/2024 Purchase     331.1 SCH 2000 2024-22135 23/07/2024 Open Shelf 23/07/2024
    Dewey Decimal Classification     MUST Main Library MUST Main Library 23/07/2024 Purchase     331.1 SCH 2000 2024-22136 23/07/2024 Open Shelf 23/07/2024
    Dewey Decimal Classification     MUST Main Library MUST Main Library 23/07/2024 Purchase     331.1 SCH 2000 2024-22137 23/07/2024 Open Shelf 23/07/2024
    Dewey Decimal Classification     MUST Main Library MUST Main Library 23/07/2024 Purchase     331.1 SCH 2000 2024-22138 23/07/2024 Open Shelf 23/07/2024
    Dewey Decimal Classification     MUST Main Library MUST Main Library 23/07/2024 Purchase 05/24653   331.1 SCH 2000 2024-22139 23/07/2024 Open Shelf 23/07/2024
    Dewey Decimal Classification     MUST Main Library MUST Main Library 23/07/2024 Purchase 05/24650   331.1 SCH 2000 2024-22140 23/07/2024 Open Shelf 23/07/2024
    Dewey Decimal Classification     MUST Main Library MUST Main Library 23/07/2024 Purchase 05/24656   331.1 SCH 2000 2024-22141 23/07/2024 Open Shelf 23/07/2024
    Dewey Decimal Classification     MUST Main Library MUST Main Library 23/07/2024 Purchase 05/24651   331.1 SCH 2000 2024-22142 23/07/2024 Open Shelf 23/07/2024
    Dewey Decimal Classification     MUST Main Library MUST Main Library 23/07/2024 Purchase 03/19674   331.1 SCH 2000 2024-22144 23/07/2024 Open Shelf 23/07/2024